Franny and Zooey / (Record no. 18369)
[ view plain ]
| 000 -LEADER | |
|---|---|
| fixed length control field | 00644cam a2200229 a 4500 |
| 001 - CONTROL NUMBER | |
| control field | 18369 |
| 003 - CONTROL NUMBER IDENTIFIER | |
| rucl marc code | BD-RjUL |
| 005 - DATE AND TIME OF LATEST TRANSACTION | |
| control field | 20211209000256.0 |
| 008 - FIXED-LENGTH DATA ELEMENTS--GENERAL INFORMATION | |
| fixed length control field | 140220t19621961enk 000 1 eng |
| 035 ## - SYSTEM CONTROL NUMBER | |
| System control number | (BD-RjUL)18427 |
| 040 ## - CATALOGING SOURCE | |
| Original cataloging agency | DLC |
| Transcribing agency | DLC |
| Modifying agency | DLC |
| -- | BD-RjUL |
| Language of cataloging | eng |
| 041 ## - LANGUAGE CODE | |
| Language code of text/sound track or separate title | eng |
| 082 ## - DEWEY DECIMAL CLASSIFICATION NUMBER | |
| Classification number | 823.9 |
| Author mark and year | SAF 1962 |
| 100 1# - MAIN ENTRY--PERSONAL NAME | |
| Personal name | Salinger, J. D. |
| Fuller form of name | (Jerome David), |
| Dates associated with a name | 1919-2010. |
| 9 (RLIN) | 56574 |
| 245 10 - TITLE STATEMENT | |
| Title | Franny and Zooey / |
| Statement of responsibility, etc. | J.D. Salinger. |
| 260 ## - PUBLICATION, DISTRIBUTION, ETC. (IMPRINT) | |
| Place of publication, distribution, etc. | London : |
| Name of publisher, distributor, etc. | Heinemann, |
| Date of publication, distribution, etc. | c1961 [1962]. |
| 300 ## - PHYSICAL DESCRIPTION | |
| Pagination | 201 p. ; |
| Size | 21 cm. |
| 650 #0 - SUBJECT ADDED ENTRY--TOPICAL TERM | |
| Topical term or geographic name as entry element | New York (N.Y.) --Fiction. |
| 9 (RLIN) | 56575 |
| 942 ## - ADDED ENTRY ELEMENTS (KOHA) | |
| Source of classification or shelving scheme | Dewey Decimal Classification |
| Koha item type | Books |
| Lost status | Source of classification or shelving scheme | Damaged status | Not for loan | Collection code | Permanent Location | Current Location | Shelving location | Date acquired | Source of acquisition | Cost, normal purchase price | Total Checkouts | Full call number | Date last seen | Copy number | Koha item type |
|---|---|---|---|---|---|---|---|---|---|---|---|---|---|---|---|
| Dewey Decimal Classification | Not For Loan | Non-fiction | Central Library, University of Rajshahi | Central Library, University of Rajshahi | Reading Room | 16/12/1969 | Zetlinger | 0.16 | 823.9 SAF 1962 | 20/02/2014 | C-1 | Books |